000
00268nam a2200097Ia 4500
001
643400
005
20250826153545.0
008
250824s9999 xx 000 0 und d
245
0
_a
AHİ EVRAN EFSANESİ EJDERHANIN DÖNÜŞÜ
_c
ZÜBEYİR TOKGÖZ
260
_b
GENÇ TİMAŞ
999
_c
643400
_d
643400